000 00755nam a2200241 a 4500
001 23444
003 CO-ViMGA
008 141112s2004 ck r 000 u spa d
015 _ack - 2007 - xxxx
020 _a9789584406590
040 _aCO-ViMGA
_bspa
_cCO-ViMGA
082 0 4 _aCo861.6 B621
100 1 _aBocanegra de Galvis, Raquel
_933800
245 1 0 _aBajo las alas del tiempo :
_bpoemas /
_cRaquel Bocanegra de Galvis.
250 _a1a. ed.
260 _aIbagué :
_bR. Bocanegra Galvis,
_c2007.
300 _a124 p. ; 22 cm.
596 _a5 7
650 1 4 _aPoesía colombiana - Siglo XX
_92302
917 _a2009 - 595 2 ejemplares
942 _2ddc
_cBK
990 _a2009 - 595 Cecilia Amparo Galvis Bocanegra 2 ejemplares 21 06042009 a646987
999 _c31597
_d31597